000 00561nam a2200181Ia 4500
008 151202s9999||||xx |||||||||||||| ||und||
082 _bPNVM-53562
100 _aफळणीकर अनिल.
245 _aप्रेमिक.
260 _bबांदोडकर पब्लिशिंग हाउस गोवा.
260 _c1976
300 _a188
600 _aफळणीकर अनिल.
630 _aप्रेमिक.
700 _aफळणीकर अनिल.
730 _aप्रेमिक.
942 _cBOOK
999 _c1320101
_d1320098